Normal view
MARC view
- Ossicini, Stephano
Entry Personal Name
001 - CONTROL NUMBER
- control field: 101083
003 - CONTROL NUMBER IDENTIFIER
- control field: NUST
005 - DATE AND TIME OF LATEST TRANSACTION
- control field: 20221021110357.0
008 - FIXED-LENGTH DATA ELEMENTS
- fixed length control field: 221021|| aca||aabn | a|a d
040 ## - CATALOGING SOURCE
- Original cataloging agency: NUST
- Transcribing agency: NUST
100 ## - HEADING--PERSONAL NAME
- Personal name: Ossicini, Stephano
670 ## - SOURCE DATA FOUND
- Source citation: Work cat.: (NUST)182975: Borisenko, V. E. 101082, What is what in the nanoworld :, c2004.
